[Event "Mittelfrank Regionalliga Sud-Ost 2223"]
[Site "Mittelfranken"]
[Date "2023.02.05"]
[Round "6.8"]
[White "Pertaia, Alexandre"]
[Black "Sadlo, Philipp"]
[Result "1/2-1/2"]
[WhiteElo "1685"]
[BlackElo "1531"]
[PlyCount "23"]
[EventDate "2022.10.09"]
[EventType "team-tourn"]
[EventRounds "9"]
[EventCountry "GER"]
[SourceTitle "EXT 2024"]
[Source "ChessBase"]
[SourceDate "2023.10.10"]
[SourceVersion "1"]
[SourceVersionDate "2023.10.10"]
[SourceQuality "1"]
[WhiteTeam "Ilmmuenster"]
[BlackTeam "Landshut"]
[WhiteTeamCountry "GER"]
[BlackTeamCountry "GER"]

1. e4 e5 2. Nf3 Nf6 3. d4 exd4 4. e5 Nd5 5. Qxd4 Nb4 6. Qd1 d6 7. a3 N4c6 8. exd6 Qxd6 9. Qxd6 Bxd6 10. Nc3 Bf5 11. Bd3 Bxd3 12. cxd3 1/2-1/2

[Event "Mittelfrank Regionalliga Sud-Ost 2223"]
[Site "Mittelfranken"]
[Date "2023.01.15"]
[Round "5.8"]
[White "Huber, Josef"]
[Black "Pertaia, Alexandre"]
[Result "1/2-1/2"]
[WhiteElo "1847"]
[BlackElo "1685"]
[PlyCount "114"]
[EventDate "2022.10.09"]
[EventType "team-tourn"]
[EventRounds "9"]
[EventCountry "GER"]
[SourceTitle "EXT 2024"]
[Source "ChessBase"]
[SourceDate "2023.10.10"]
[SourceVersion "1"]
[SourceVersionDate "2023.10.10"]
[SourceQuality "1"]
[WhiteTeam "Bruckmuehl"]
[BlackTeam "Ilmmuenster"]
[WhiteTeamCountry "GER"]
[BlackTeamCountry "GER"]

1. e4 c5 2. Nf3 e6 3. d4 cxd4 4. Nxd4 a6 5. Nc3 Qc7 6. Qf3 Nc6 7. Be3 Bb4 8. Nxc6 bxc6 9. Bd3 Nf6 10. Qg3 Qxg3 11. hxg3 d5 12. Bd4 Bb7 13. 0-0-0 Be7 14. exd5 cxd5 15. Rde1 Kf8 16. Kb1 h6 17. f3 Nd7 18. f4 Bf6 19. Bxf6 gxf6 20. Rh5 Kg7 21. g4 Rae8 22. Reh1 e5 23. g5 hxg5 24. fxg5 Rxh5 25. Rxh5 fxg5 26. Rxg5+ Kf6 27. Rf5+ Ke7 28. b4 f6 29. a4 e4 30. Be2 d4 31. Nd5+ Ke6 32. Nc7+ Kxf5 33. Nxe8 Kf4 34. Nd6 Ke3 35. Bh5 Ba8 36. Kc1 Kf2 37. Kd2 Ne5 38. b5 axb5 39. axb5 Kxg2 40. b6 Bd5 41. b7 Nd7 42. Ke2 Kh3 43. Bg6 Kh4 44. Bxe4 Bxe4 45. Nxe4 f5 46. Nf6 Nb8 47. Kf3 Kg5 48. Ne8 Nc6 49. Nc7 Nb8 50. Ne6+ Kf6 51. Nxd4 Ke5 52. Ke3 Kd6 53. Nxf5+ Kc7 54. Kd4 Kxb7 55. Ne7 Nd7 56. c4 Kc7 57. Nd5+ Kc6 1/2-1/2